Economic problems of women : hearings, Ninety-third Congress, first session.
| Corporate Authors: | , |
|---|---|
| Format: | Government Document eBook |
| Language: | English |
| Published: |
Washington :
U.S. Govt. Print. Off,
1973.
|
| Series: | U.S. Congressional Hearings.
|
| Subjects: | |
| Online Access: | Connect to the full text of this electronic book Connect to the full text of this electronic book Connect to the full text of this electronic book |
MARC
| Tag | First Indicator | Second Indicator | Subfields |
|---|---|---|---|
| LEADER | 00000cam a22000001a 4500 | ||
| 001 | in00003205000 | ||
| 006 | m d f | ||
| 007 | cr bn mmmapmmp | ||
| 008 | 090922s1973 dcua ob f000 0 eng d | ||
| 005 | 20260511182414.6 | ||
| 035 | |a cis2007437917 | ||
| 040 | |a UMI |c UMI |d UtOrBLW | ||
| 043 | |a n-us--- | ||
| 086 | 0 | |a Y 4.Ec 7:W 84/pt.1-3 | |
| 099 | |a HRG-1973-ECJ-0023 | ||
| 099 | |a HRG-1973-ECJ-0024 | ||
| 099 | |a HRG-1973-ECJ-0025 | ||
| 110 | 1 | |a United States. |b Congress. |b Joint Economic Committee. | |
| 245 | 1 | 0 | |a Economic problems of women : |b hearings, Ninety-third Congress, first session. |
| 264 | 1 | |a Washington : |b U.S. Govt. Print. Off, |c 1973. | |
| 300 | |a 1 online resource. | ||
| 336 | |a text |b txt |2 rdacontent | ||
| 337 | |a computer |b c |2 rdamedia | ||
| 338 | |a online resource |b cr |2 rdacarrier | ||
| 500 | |a Record is based on bibliographic data in ProQuest Congressional Hearings Digital Collection. Reuse except for individual research requires license from ProQuest, LLC. | ||
| 504 | |a Includes bibliographical references. | ||
| 538 | |a System requirements: PDF reader software. | ||
| 500 | |a Electronic resource. | ||
| 650 | 0 | |a Sex discrimination against women |z United States. | |
| 655 | 7 | |a Electronic books. |2 local | |
| 710 | 2 | |a ProQuest (Firm) | |
| 776 | 0 | 8 | |i Print version: |a United States. Congress. Joint Economic Committee |t Economic problems of women |w (DLC)73603340 |
| 776 | 0 | 8 | |i Microfiche version: |a United States. Congress. Joint Economic Committee |t Economic problems of women. |d [Bethesda, Md.] : ProQuest,[2004] |o CIS 73 J841-21 (pt. 1) |o CIS 73 J841-22 (pt. 2) |o CIS 73 J841-23 (pt. 3) |w (ProQuest)cis07300808 |
| 830 | 0 | |a U.S. Congressional Hearings. | |
| 856 | 4 | 0 | |u http://proxy.library.tamu.edu/login?url=https://congressional.proquest.com/congcomp/getdoc?HEARING-ID=HRG-1973-ECJ-0023 |z Connect to the full text of this electronic book |t 0 |
| 856 | 4 | 0 | |u http://proxy.library.tamu.edu/login?url=https://congressional.proquest.com/congcomp/getdoc?HEARING-ID=HRG-1973-ECJ-0024 |z Connect to the full text of this electronic book |t 0 |
| 856 | 4 | 0 | |u http://proxy.library.tamu.edu/login?url=https://congressional.proquest.com/congcomp/getdoc?HEARING-ID=HRG-1973-ECJ-0025 |z Connect to the full text of this electronic book |t 0 |
| 998 | |a cis07300808 | ||
| 999 | |a MARS | ||
| 999 | f | f | |s 37e49aa9-cdb2-38b0-a53a-4af7fcba954a |i 5c5e0231-473c-34e6-8df9-f35f1b22f254 |t 0 |
| 952 | f | f | |a Texas A&M University |b College Station |c Electronic Resources |s www_evans |d Available Online |t 0 |e HRG-1973-ECJ-0025 |h Other scheme |
| 998 | f | f | |a HRG-1973-ECJ-0025 |t 0 |l Available Online |